[Event "14th IPCA WORLD INDIVIDUAL CHESS CH 201"]
[Site "Apatin - Banja Junakovic"]
[Date "2014.09.23"]
[Round "9.10"]
[White "Aleksandrova, Aleksandra"]
[Black "Melnik, Galina"]
[Result "1-0"]
[WhiteElo "1947"]
[BlackElo "1971"]
[PlyCount "45"]
[EventDate "2014.09.16"]

1. Nf3 Nf6 2. d4 d5 3. e3 Nbd7 4. Bd3 g6 5. Nbd2 Bg7 6. e4 dxe4 7. Nxe4 Nxe4 8.
Bxe4 Nf6 9. Bd3 O-O 10. O-O c6 11. Re1 Re8 12. c3 Bg4 13. h3 Bxf3 14. Qxf3 Nd5
15. Bg5 Qd7 16. Rad1 b5 17. Re2 e5 18. dxe5 Bxe5 19. Bxb5 Bd6 20. Red2 Qe6 21.
Kf1 Qe5 22. Bxc6 Qh2 23. g3 1-0

[Event "14th IPCA WORLD INDIVIDUAL CHESS CH 201"]
[Site "Apatin - Banja Junakovic"]
[Date "2014.09.23"]
[Round "9.11"]
[White "Jennitha, Anto K"]
[Black "Pilimon, Zbigniew"]
[Result "1-0"]
[WhiteElo "1953"]
[BlackElo "1706"]
[PlyCount "113"]
[EventDate "2014.09.16"]

1. e4 c5 2. b3 d6 3. Bb2 Nf6 4. Nc3 e6 5. Nge2 Nc6 6. g3 Be7 7. Bg2 O-O 8. O-O
Rb8 9. d4 cxd4 10. Nxd4 Nxd4 11. Qxd4 b6 12. Rfd1 Bd7 13. Rd2 Qc7 14. Rad1 Rfd8
15. Ne2 Bc6 16. c4 e5 17. Qd3 Qb7 18. Nc3 a6 19. Qe3 h6 20. Ba3 Ne8 21. Nd5
Bxd5 22. cxd5 Qd7 23. Rc2 Bg5 24. Qd3 Rdc8 25. h4 Rxc2 26. Qxc2 Rc8 27. Qd3 Bd8
28. Qxa6 Rc2 29. Bc1 Qg4 30. Re1 Nf6 31. Be3 Nh5 32. Rc1 Rxc1+ 33. Bxc1 Qd1+
34. Qf1 Qc2 35. Qc4 Qxc4 36. bxc4 Kf8 37. Bh3 Ke7 38. Be3 Nf6 39. f3 Nd7 40.
Bxd7 Kxd7 41. Kf2 Kc7 42. h5 Kb7 43. a4 Kc7 44. f4 exf4 45. gxf4 Bf6 46. Kf3 g6
47. Kg4 Bg7 48. Bf2 Bc3 49. Bg3 f5+ 50. exf5 gxf5+ 51. Kxf5 Kd7 52. Kg6 Ke7 53.
Bh4+ Kf8 54. Kxh6 Kf7 55. Bd8 Bd4 56. Kg5 Kg7 57. Bc7 1-0

[Event "14th IPCA WORLD INDIVIDUAL CHESS CH 201"]
[Site "Apatin - Banja Junakovic"]
[Date "2014.09.23"]
[Round "9.12"]
[White "Tocklin, Tomi"]
[Black "Strekalovski, Viktor"]
[Result "0-1"]
[WhiteElo "1859"]
[BlackElo "2057"]
[PlyCount "50"]
[EventDate "2014.09.16"]

1. e4 c6 2. d4 d5 3. exd5 cxd5 4. c4 Nf6 5. Nc3 Nc6 6. Bg5 Be6 7. c5 Ne4 8. Nf3
Bg4 9. Bf4 a6 10. Qb3 g5 11. Bg3 Nxg3 12. hxg3 Bxf3 13. gxf3 Nxd4 14. Qxb7 Rb8
15. Qxa6 Bg7 16. O-O-O Kf8 17. Qd3 Qa5 18. Rxh7 Rxh7 19. Qxh7 Rxb2 20. Kxb2
Qb4+ 21. Kc1 Qxc3+ 22. Kb1 Qb4+ 23. Kc1 Qxc5+ 24. Kb1 Qb4+ 25. Kc1 Ne2+ 0-1

[Event "14th IPCA WORLD INDIVIDUAL CHESS CH 201"]
[Site "Apatin - Banja Junakovic"]
[Date "2014.09.23"]
[Round "9.13"]
[White "Tsapalin, Sergey"]
[Black "Konkolova, Nikola"]
[Result "1-0"]
[WhiteElo "1987"]
[BlackElo "1485"]
[PlyCount "39"]
[EventDate "2014.09.16"]

1. d4 d5 2. c4 e6 3. Nc3 Be7 4. Bf4 b6 5. cxd5 exd5 6. e3 Nf6 7. Bd3 Bd6 8. Bg5
c6 9. Nf3 h6 10. Bh4 Be7 11. Rc1 O-O 12. O-O Be6 13. Bb1 Nbd7 14. Ne5 Rc8 15.
Qd3 g5 16. Bg3 Kg7 17. f4 Nb8 18. fxg5 hxg5 19. Rxf6 Rh8 20. Rxe6 1-0

[Event "14th IPCA WORLD INDIVIDUAL CHESS CH 201"]
[Site "Apatin - Banja Junakovic"]
[Date "2014.09.23"]
[Round "9.14"]
[White "Kestlane, Harry"]
[Black "Denisov, Denis"]
[Result "1/2-1/2"]
[WhiteElo "1843"]
[BlackElo "1995"]
[PlyCount "99"]
[EventDate "2014.09.16"]

1. e4 c5 2. Nf3 d6 3. d4 cxd4 4. Nxd4 Nf6 5. Nc3 a6 6. f3 e5 7. Nb3 Qc7 8. Be3
Be7 9. Qd2 Be6 10. O-O-O Nc6 11. Nd5 Bxd5 12. exd5 Na7 13. Kb1 Nc8 14. g4 Nb6
15. Bxb6 Qxb6 16. g5 Nh5 17. h4 Nf4 18. c4 O-O 19. Bd3 a5 20. Qc2 Nxd3 21. Qxd3
a4 22. Nd2 a3 23. b3 f5 24. gxf6 gxf6 25. Ne4 Kh8 26. Rhg1 Rg8 27. Rxg8+ Rxg8
28. Nc3 Qf2 29. Rd2 Rg1+ 30. Kc2 Qf1 31. Nd1 Qh3 32. b4 Qxh4 33. Ne3 Qe1 34.
Qxa3 Qb1+ 35. Kc3 Re1 36. Nc2 Rf1 37. Qa8+ Kg7 38. Qxb7 Rxf3+ 39. Rd3 Rxd3+ 40.
Kxd3 Qf1+ 41. Kc3 Qh3+ 42. Kb2 Kf8 43. Qb8+ Kf7 44. c5 f5 45. c6 Bf6 46. Qa7+
Kf8 47. Qb8+ Kg7 48. Qa7+ Kf8 49. Qb8+ Kg7 50. Qa7+ 1/2-1/2

[Event "14th IPCA WORLD INDIVIDUAL CHESS CH 201"]
[Site "Apatin - Banja Junakovic"]
[Date "2014.09.23"]
[Round "9.16"]
[White "Aristov, Pavel"]
[Black "Diachina, Olga"]
[Result "0-1"]
[WhiteElo "1552"]
[BlackElo "1607"]
[PlyCount "38"]
[EventDate "2014.09.16"]

1. e4 e5 2. Nf3 d6 3. d4 Nd7 4. Bc4 h6 5. dxe5 dxe5 6. O-O Ngf6 7. Nc3 c6 8.
Be3 Qc7 9. a3 Be7 10. Qd2 g5 11. Rad1 Nf8 12. Bxg5 hxg5 13. Qxg5 Ng6 14. Qd2
Nf4 15. Ng5 Ng4 16. Nxf7 Rxh2 17. f3 Qb6+ 18. Rf2 Rxg2+ 19. Kh1 Nxf2+ 0-1